000 00713cab a2200217 4500
001 ABS38748
008 090401t1988 xxu||||| |||| 00| 0 eng d
035 _a(Sirsi) u12234
041 _aeng
100 _aRose, J.
245 _aRates v Poll Tax
260 _c1988
350 _a0
490 _aEstates Gazette
_v(8803) 23 January 1988, 81-85(2)
520 _aA brief article which looks at the history and development of poll tax in this country, why the Government wants to end the present system, and why proposals for a new rating system may not be the right solution.
650 _aDOMESTIC RATES
650 _aRATING REFORM
690 _aRATING AND VALUATION
942 _n0
948 _c04/03/1997
999 _c7832
_d7832